Викинги идут! (Запись № 12898500)

Подробности
000 -МАРКЕР
контрольное поле 03134nam0a2200385 4500
001 - ИДЕНТИФИКАТОР ЗАПИСИ
контрольное поле RU\NLR\BIBL_A\016275020
005 - ИДЕНТИФИКАТОР ВЕРСИИ
контрольное поле 20230313151602.0
010 ## - МЕЖДУНАРОДНЫЙ СТАНДАРТНЫЙ НОМЕР КНИГИ (ISBN)
Номер (ISBN) 978-5-9268-3904-0
Тираж 3000
021 ## - НОМЕР ГОСУДАРСТВЕННОЙ РЕГИСТРАЦИИ
Код страны Российская Федерация
Номер КН-П-22-091854
Номер Листа государственной регистраци КН-П-22-8183
035 ## - ДРУГИЕ СИСТЕМНЫЕ НОМЕРА
Идентификатор записи (NLR Aleph) 016275020
035 ## - ДРУГИЕ СИСТЕМНЫЕ НОМЕРА
Идентификатор записи (RuMoRGB)011493390
100 ## - ДАННЫЕ ОБЩЕЙ ОБРАБОТКИ
Данные общей обработки 20230202d2022 e y0rusy50 ca
101 1# - ЯЗЫК РЕСУРСА
Язык текста, звукозаписи и т.д. русский
Язык оригинала не определено
102 ## - СТРАНА ПУБЛИКАЦИИ ИЛИ ПРОИЗВОДСТВА
Страна публикации Российская Федерация
105 ## - ПОЛЕ КОДИРОВАННЫХ ДАННЫХ: ТЕКСТОВЫЕ МАТЕРИАЛЫ, МОНОГРАФИЧЕСКИЕ
Кодированные данные о монографическом текстовом документе a z 000zy
181 #0 - ПОЛЕ КОДИРОВАННЫХ ДАННЫХ: ВИД СОДЕРЖАНИЯ
Код вида содержания (ISBD) b3
Код характеристики содержания (ISBD) xb2e
181 #0 - ПОЛЕ КОДИРОВАННЫХ ДАННЫХ: ВИД СОДЕРЖАНИЯ
Код вида содержания (ISBD) i2
Код характеристики содержания (ISBD) axxe
182 #0 - ПОЛЕ КОДИРОВАННЫХ ДАННЫХ: ТИП СРЕДСТВА
Код типа средства (ISBD) n - непосредственное
200 1# - ЗАГЛАВИЕ И СВЕДЕНИЯ ОБ ОТВЕТСТВЕННОСТИ
Основное заглавие Викинги идут!
Сведения, относящиеся к заглавию [для детей старшего школьного возраста
-- перевод]
Первые сведения об ответственности Маури Куннас, Тарья Куннас
203 ## - ВИД СОДЕРЖАНИЯ И ТИП СРЕДСТВА
Вид содержания Изображение
-- Текст
Дополнительные сведения об издании визуальные
Тип средства непосредственные
210 ## - ПУБЛИКАЦИЯ, РАСПРОСТРАНЕНИЕ И ДР.
Место издания, распространения и т.д. Санкт-Петербург
-- Москва
Имя издателя, распространителя и т. д. Речь
Дата издания, распространения и т.д. 2022
215 ## - ФИЗИЧЕСКАЯ ХАРАКТЕРИСТИКА
Специфическое обозначение материала и объем 47, [2] с.
Другие сведения о физической характеристике цв. ил.
Размеры 30
300 ## - ОБЩИЕ ПРИМЕЧАНИЯ
Текст примечания На обл. авт.: Маури Куннас
330 ## - РЕЗЮМЕ ИЛИ РЕФЕРАТ
Текст примечания Викинги были отважными мореходами и свирепыми разбойниками. Они плавали на кораблях с драконьими головами и наводили страх на мирных жителей прибрежных районов. А ещё они верили в дерево Иггдрасиль, на которое нанизаны разные миры, мечтали после смерти попасть в Вальгаллу и слагали саги обо всём, что происходило в их жизни. Маури Куннас, живой классик финской детской литературы, сочиняет и иллюстрирует саги, благодаря которым даже малыши поймут, кто же такие были эти викинги. Средневековую Скандинавию Куннаса населяют доблестные собаки, находчивые коты, флегматичные кабаны, свирепые волки и незадачливые барсуки. Коренные жители Америки - еноты с непереносимостью лактозы, а Константинополем правит бегемот. Помимо уморительно смешных сказок-саг в книгу включены описания кораблей, жилищ и городов викингов, перечень скандинавских богов, карта известного викингам обитаемого мира и примерная схема мироустройства по-викингски
333 ## - ПРИМЕЧАНИЯ ОБ ОСОБЕННОСТЯХ РАСПРОСТРАНЕНИЯ И ИСПОЛЬЗОВАНИЯ
Текст примечания 6+
686 0# - ИНДЕКСЫ ДРУГИХ КЛАССИФИКАЦИЙ
Индекс Ш9(4Фн)62-4
700 #1 - ИМЯ ЛИЦА - ПЕРВИЧНАЯ ОТВЕТСТВЕННОСТЬ
Начальный элемент ввода Куннас
Часть имени, кроме начального элемента ввода М.
Даты 1950-
Расширение инициалов личного имени Маури
Системный номер авторитетной/нормативной записи 55742
Идентификатор авторитетной/нормативной записи RU\NLR\AUTH\7772814
702 #1 - ИМЯ ЛИЦА - ВТОРИЧНАЯ ОТВЕТСТВЕННОСТЬ
Графика поля Кириллица
Материалы, к которым относится поле rus
Начальный элемент ввода Куннас
Часть имени, кроме начального элемента ввода Т.
Даты 1957-
Расширение инициалов личного имени Тарья
Системный номер авторитетной/нормативной записи 225705
Идентификатор авторитетной/нормативной записи RU\NLR\AUTH\770225761
942 ## - ДОПОЛНИТЕЛЬНЫЕ ЭЛЕМЕНТЫ ЗАПИСИ (АБИС)
Тип экземпляра АБИС Книга
980 ## - КОЛЛЕКЦИЯ
Название коллекции Национальная библиография
Экземпляры
Тип экземпляра Дата поступления Источник поступления Библиотека постоянного хранения Библиотека текущего хранения Место хранения Шифр хранения Штрих-код Статус экземпляра
Книга 02.02.2023 Обязательный экземпляр РНБ (Московский) РНБ (Московский) Русский книжный фонд: издания с 1957 года 2023-8/308 1-4113648  
Книга 02.02.2023 Обязательный экземпляр РНБ (Московский) РНБ (Московский) Русский книжный фонд: издания с 1957 года 2023-8/308 1-4113644